PŘEHLED HUSTOTNÍCH POMĚRŮ V OBLASTI PODUNAJSKÉ NÍŽINY

Bibliographic Details
Main Author: Šutor, Augustin (Author)
Format: Article
Language:Czech

MARC

LEADER 00000nab a2200000ua 4500
001 vtls010845335
003 SK-MaSNL
005 20260303140308.0
008 230218s1966 xo |||||||||||||||||cze|
035 |a (urnnbn)urn:nbn:sk:snk:ar-a074cr 
035 |a urn:nbn:sk:snk-ab66zh 
035 |a (uuid)d97d31f2-32dd-4a45-86c4-00fdc5b801e4 
040 |a SNKBUCL  |b slo  |c SNKBUCL  |e AACR2 
041 0 |a cze 
044 |a xo  |c SK 
100 1 |a Šutor, Augustin  |4 aut  |9 1158407 
245 1 0 |a PŘEHLED HUSTOTNÍCH POMĚRŮ V OBLASTI PODUNAJSKÉ NÍŽINY  |c Augustin Šutor 
773 0 |t Geologické práce : správy  |g Roč. 40, č. 40 (1966), s. 145-159 
954 |a odborná, vedecká literatúra cudzojazyčná (svetová)  |2 lita 
958 |a OND 
958 |a EUIPO 
958 |a article5 
999 |c 1971069  |d 1972999